Normal view
MARC view
- Electronic books
Entry Genre/Form Term
001 - CONTROL NUMBER
- control field: 98753
003 - CONTROL NUMBER IDENTIFIER
- control field: NUST
005 - DATE AND TIME OF LATEST TRANSACTION
- control field: 20220901122019.0
008 - FIXED-LENGTH DATA ELEMENTS
- fixed length control field: 220901|| aca||aabn | a|a d
040 ## - CATALOGING SOURCE
- Original cataloging agency: NUST
- Transcribing agency: NUST
155 ## - HEADING--GENRE/FORM TERM
- Genre/form term: Electronic books
670 ## - SOURCE DATA FOUND
- Source citation: Work cat.: (NUST)215412: Seybold, John S., 98748, Introduction to RF propagation /, c2005.
